|
|
|
|
| LEADER |
01624nam a2200301 a 4500 |
| 001 |
2519815 |
| 008 |
090830s1992 bg a f000 0 eng d |
| 999 |
|
|
|c 3486
|d 3486
|
| 010 |
|
|
|a \\\92906631
|
| 040 |
|
|
|a DLC
|c DLC
|d DLC
|
| 082 |
0 |
0 |
|a 370.95492
|2 20
|
| 100 |
0 |
|
|a Mahaphuja Ullaha.
|9 26325
|
| 240 |
1 |
0 |
|a Āmādera skula.
|l English
|
| 245 |
1 |
0 |
|a Our school /
|c Mahfuz Ullah.
|
| 250 |
|
|
|a English edition
|
| 260 |
|
|
|a Dhaka :
|b BRAC,
|c 1992.
|
| 300 |
|
|
|a 105 pages :
|b illustrations ;
|c 22 cm.
|
| 500 |
|
|
|a "First published in Bangla [i.e. Bengali] by the Directorate of Primary Education, Dhaka, October 1991"--T.p. verso.
|
| 500 |
|
|
|a "Stories of eight successful primary schools of Bangladesh, where community and teacher initiative has played the key role in achieving the goals of primary education"--T.p. verso.
|
| 541 |
1 |
|
|e 00004627
|
| 650 |
|
0 |
|a Education, Elementary
|z Bangladesh
|x History.
|9 26326
|
| 650 |
|
0 |
|a Education, Elementary
|z Bangladesh
|x Case studies.
|9 26327
|
| 650 |
|
0 |
|a School management and organization
|z Bangladesh
|x Case studies.
|9 26328
|
| 710 |
2 |
|
|a Bangladesh Rural Advancement Committee.
|9 26329
|
| 852 |
4 |
|
|a Ayesha Abed Library
|j General shelf
|
| 942 |
|
|
|2 ddc
|c BK
|
| 952 |
|
|
|0 0
|1 2
|2 ddc
|4 0
|6 370_954920000000000_MAH
|7 0
|9 3166
|a BRACUL
|b BRACUL
|c GEN
|d 2009-09-01
|g 0.00
|l 1
|m 10
|o 370.95492 MAH
|p 3010004627
|q 2018-12-06
|r 2015-05-27
|s 2015-05-27
|t 1
|w 2009-09-01
|y BK
|x No price found in the accession register.
|
| 952 |
|
|
|0 0
|1 0
|2 ddc
|4 0
|6 370_954920000000000_MAH_1991
|7 0
|9 4165
|a BRACUL
|b BRACUL
|c GEN
|d 2009-10-11
|g 0.00
|l 0
|o 370.95492 MAH
|p 3010006188
|r 2009-10-11
|w 2009-10-11
|y BK
|x No price found in the accession register.
|